[Event "Sinquefield Cup 5th"]
[Site "Saint Louis"]
[Date "2017.08.02"]
[Round "1"]
[White "Vachier Lagrave, Maxime"]
[Black "So, Wesley"]
[Result "1-0"]
[WhiteElo "2791"]
[BlackElo "2810"]
[Annotator "Roiz,M"]
[PlyCount "85"]
[EventDate "2017.08.02"]
[EventType "tourn"]
[EventRounds "9"]
[EventCountry "USA"]
[EventCategory "22"]
[SourceTitle "CBM 180"]
[Source "ChessBase"]
[SourceDate "2017.09.13"]
[SourceVersion "1"]
[SourceVersionDate "2017.09.13"]
[SourceQuality "1"]

1. e4 e5 2. Nf3 Nc6 3. Bc4 Bc5 4. O-O Nf6 5. d3 O-O 6. a4 d6 7. c3 a6 8. h3 h6
9. Nbd2 Ba7 10. Re1 {This way of handling the Italian is getting more and more
popular.} Ne7 ({A few days later Wesley went for} 10... Be6 11. Bxe6 fxe6 12.
b4 Qe8 13. Nf1 Nh5 14. Be3 Bxe3 15. Rxe3 Nf4 $132 {Karjakin,S - So,W Saint
Louis USA 2017}) 11. Bb3 Ng6 12. d4 {White has a superiority in the centre,
but the Pe4 is under pressure now.} Re8 13. Bc2 {As a result, White has to
move the bishop once again.} Bd7 $146 (13... b5 {was employed by Peter Svidler
in the same event:} 14. b4 Bb7 15. Bb2 Qd7 16. c4 $14 {Karjakin,S - Svidler,P
Saint Louis USA 2017}) (13... c6 {didn't offer Black full equality in the
following top-level encounter:} 14. Nf1 d5 15. Nxe5 Nxe5 16. dxe5 Nxe4 17. Bxe4
dxe4 18. Qxd8 Rxd8 19. Ng3 (19. Be3 $14) 19... Bb8 20. Be3 Bxe5 $11 {Anand,V -
Aronian,L Saint Louis USA 2016}) 14. a5 {Maxime is seizing more space on the
q-side. Now White can choose between different possible routes for the Nd2.} ({
The natural} 14. Nf1 $5 {also deserved serious attention. For instance,} c5 15.
dxe5 dxe5 16. Ne3 Bc6 17. Qxd8 Raxd8 18. Nf5 Ne7 19. Ng3 $1 {, and Black still
has some problems to solve.}) 14... c6 ({In the event of} 14... Qc8 15. Nf1 c5
(15... Bxh3 $2 {doesn't work:} 16. gxh3 Qxh3 17. Qd3 $18 {, and the attack
ends.}) 16. dxe5 dxe5 17. c4 $1 Bc6 18. N3d2 Nf4 19. Ne3 $14 {Black would
suffer from the poor Ba7.}) ({After} 14... Nh5 15. Nf1 Nhf4 16. Ng3 Qf6 17. Be3
$14 {Black's activity on the k-side is only visual.}) 15. dxe5 dxe5 16. Nc4 {
Now the vulnerablity of the dark squares in Black's camp cannot be
underestimated.} Qe7 ({Possibly, a more accurate move was} 16... Qc7 $5 {
, intending to meet} 17. Qd6 {with} Qc8 $1 18. Qd3 Qc7 (18... Bxh3 19. Nh2 $1
Be6 20. Nd6 Qc7 21. Nxe8 Rxe8 $14) 19. Be3 Bxe3 20. Qxe3 Be6 $14 {, and Black
is only slightly worse.}) 17. Qd6 Qxd6 $6 {This is a serious concession - the
penetration of White's knight would cause Wesley serious problems.} ({A much
better try was} 17... Qd8 $1 18. Be3 Bxe3 19. Nxe3 Be6 20. Qxd8 Rexd8 21. Rad1
Kf8 $14) 18. Nxd6 Re6 19. Rd1 Rb8 20. Kf1 {Maxim isn't in a rush.} ({Another
promising way of handling the position was} 20. b4 $5 Re7 21. c4 Be6 22. Bb2
$16 {, slowly squeezing the opponent's pieces.}) 20... Re7 21. Nc4 Rbe8 22. b3
Be6 23. Nb6 $6 {An unsuccessful decision - in the resuting closed position
White would hardly benefit from having the bishop pair.} ({A much stronger
move was} 23. Ba3 $1 Bxc4+ 24. bxc4 Rd7 25. Rxd7 Nxd7 26. Rb1 b5 (26... Bc5 27.
Rxb7 Bxa3 28. Rxd7 $16) 27. Rd1 Nf6 28. Rd6 $16) 23... Bxb6 24. axb6 Rd7 25.
Be3 Rc8 $1 {GM So manages to fully consolidate.} 26. c4 (26. Ne1 Rxd1 27. Rxd1
c5 28. c4 Nd7 29. Nd3 {would lead to the same.}) 26... Rxd1+ 27. Rxd1 c5 28.
Ne1 Nd7 29. Nd3 f6 {The position is almost equal - both sides have their
troubles now.} 30. Ra1 Ne7 31. Ke2 Kf7 32. Kd2 f5 $2 {Till now Wesley was
defending very well, but this move enables White to activate the bishops again!
} ({The precise} 32... g5 $1 {would most likely allow Black to achieve a draw:}
33. Bd1 (33. g4 Rc6 34. Kc3 Rxb6 35. Nxc5 Nxc5 36. Bxc5 Rc6 37. Be3 Ng6 $11)
33... f5 34. exf5 Bxf5 35. Bh5+ Kg7 $11) 33. f4 $1 exf4 (33... fxe4 34. Nxe5+
Nxe5 35. fxe5 Bf5 36. Kc3 Ke6 37. g4 Bg6 38. Rd1 Rc6 39. Rd8 $18 {is
completely lost for Black, whose pieces are tied to protecting the weak pawns.}
) 34. Nxf4 g5 (34... Nxb6 {is hardly any better:} 35. Nd5 Rd8 36. Rf1 $16) 35.
Nxe6 Kxe6 36. exf5+ Nxf5 37. Bg1 Nd4 $6 (37... Nd6 {was better:} 38. Re1+ Kf6
39. Bd1 Ne5 $16) 38. Re1+ $6 {Returning the favour.} ({The precise} 38. Bxd4
cxd4 39. Be4 Rb8 40. Bf3 Nxb6 41. Kd3 Nd7 42. Kxd4 Kd6 43. b4 Nf6 44. Re1 $18 {
would yield White a decisive positional advantage.}) 38... Kf6 39. Rf1+ Ke7 40.
Re1+ Kd8 $2 {Alas, Wesley chooses a wrong way for deviating from repeating the
moves.} (40... Kf6 41. Bxd4+ cxd4 42. Rf1+ Ke7 43. Bf5 Rc6 44. Re1+ Kd8 45. Re4
Nxb6 46. Bg4 $16 {looks extremely unpleasant for Black, but the limited
material balance offers Black some drawing chances.}) 41. Be4 $1 Nxb3+ (41...
Nxb6 42. Bxd4 cxd4 43. Bxb7 Rb8 44. Bxa6 $18) 42. Kc3 Nd4 43. Bh2 $1 {Black
cannot avoid the major loss of material, so he resigns.} 1-0

[Event "WchT 10th"]
[Site "Tsaghkadzor"]
[Date "2015.04.22"]
[Round "4.4"]
[White "Naroditsky, Daniel"]
[Black "Jakovenko, Dmitrij"]
[Result "1-0"]
[WhiteElo "2633"]
[BlackElo "2744"]
[Annotator "Roiz,M"]
[PlyCount "101"]
[EventDate "2015.04.19"]
[EventType "team-tourn"]
[EventRounds "9"]
[EventCountry "ARM"]
[SourceTitle "CBM 166"]
[Source "ChessBase"]
[SourceDate "2015.05.11"]
[SourceVersion "1"]
[SourceVersionDate "2015.05.11"]
[SourceQuality "1"]
[WhiteTeam "US of America"]
[BlackTeam "Russia"]
[WhiteTeamCountry "USA"]
[BlackTeamCountry "RUS"]

1. e4 e5 2. Nf3 Nc6 3. Bc4 {Daniel deviates from the ''Berlin endgame'' and
chooses a quiet theoretical line, which usually leads to a long strategic
battle.} Bc5 4. d3 Nf6 5. O-O O-O 6. Re1 {A tricky order of moves. White
doesn't want to allow the early d7-d5 advance.} d6 7. c3 a6 {Most players
prefer to secure their dark-squared bishop by making this prophylactic move
sooner or later.} 8. Bb3 Ba7 {Dmitry prefers to remove the bishop from a
somewhat vulnerable square.} ({There is another fashionable way of handling
the position:} 8... Be6 9. h3 h6 10. Nbd2 Re8 {keeping the bishop on c5 for a
while. In some cases, it can be safely placed on f8, like in the following
example:} 11. Nf1 d5 12. Ng3 Bf8 13. Nh2 g6 $11 {1-0 (86) Dominguez Perez,L 
(2719)-Mamedyarov,S (2719)/Moscow 2009}) 9. h3 h6 10. Nbd2 Re8 11. Nf1 Be6 12.
Bc2 {The most ambitious choice - keeping the light-squared bishops on the
board offers White more attacking potential. On the other hand, now Black has
more reasons for pushing d6-d5.} ({White had some logical alternatives at his
disposal:} 12. Ng3 Bxb3 13. Qxb3 Rb8 14. a4 d5 $11 {0-1 (86) Kamsky,G (2714)
-Jakovenko,D (2726)/Loo RUS 2014}) (12. N3h2 Bxb3 13. axb3 d5 14. Qf3 dxe4 15.
dxe4 Qd6 16. b4 Qe6 17. Ng3 Ne7 18. Ng4 Nxg4 19. hxg4 Red8 $11 {1-0 (44)
Bologan,V (2672)-Akopian,V (2691)/Khanty-Mansiysk RUS 2013}) (12. Be3 d5 (12...
Bxe3 $5 13. Nxe3 Qd7 14. Nh4 Rad8 15. Qf3 d5 16. Nhf5 Kh7 $11) 13. Bxa7 Rxa7
14. Qc2 Ra8 15. Rad1 Qd7 16. d4 exd4 17. e5 Ne4 18. Nxd4 $14 {1-0 (30) Saric,I
(2661)-Brkic,A (2562)/Porec CRO 2014}) 12... d5 13. Qe2 ({Black gets
comfortable play in the event of releasing the pressure in the centre:} 13.
exd5 Qxd5 14. Ng3 Rad8 15. Qe2 Qd7 $11 {1-0 (36) Radjabov,T (2788)-Naiditsch,A
(2712)/Istanbul 2012}) 13... b5 {A principled response. Now White's queen is
not completely safe, since it can be disturbed by Black's bishop after
exchanging on e4. However, Daniel's next move proves, that this advance has
its drawbacks.} ({The most solid way looks to be} 13... Qd7 {connecting the
rooks and intending to put some pressure along the d-file:} 14. Ng3 Rad8 15.
Bd2 Bc5 16. Rad1 d4 17. Bb1 b5 $132 {1/2-1/2 (36) Gelfand,B (2720)-Kramnik,V 
(2788)/Moscow 2008/CBM 126 Extra}) 14. Rd1 $1 $146 {An interesting approach -
now the potential idea of d3-d4 is quite unpleasant, so Black should be ready
to release the pressure in the centre sooner or later. This important novelty
definitely poses Black some practical problems.} ({In the preceding games
Black had no reasons for worries:} 14. exd5 Bxd5 15. Ng3 Qd7 16. a4 Rad8 17.
Nh4 Bc5 18. Nhf5 Bf8 19. Be3 Ne7 $11 {1/2-1/2 (38) Onischuk,V (2629)
-Mekhitarian,K (2556)/Cappelle la Grande FRA 2015}) (14. N3h2 d4 15. Ng3 Qd6
16. a3 a5 17. Bd2 Red8 18. Rec1 dxc3 19. bxc3 b4 $15 {1/2-1/2 (30) Petrosian,T
(2620)-Alekseev,E (2688)/Tashkent 2011/CBM 141 Extra}) 14... d4 {Jakovenko's
decision looks natural from the human point of view.} ({The following logical
alternatives couldn't really suit Black:} 14... Qd7 15. Ng3 Rad8 16. d4 $1 Nxe4
17. Nxe4 dxe4 18. Nxe5 Nxe5 19. dxe5 $14) (14... Qd6 15. Ng3 Rad8 16. Nh4 Qd7
17. Qf3 $14) 15. Ng3 ({It was worth considering the immediate} 15. Bb3 $5 {
to try to get full control over the f5-square. The play might continue:} Bxb3
16. axb3 a5 17. Ng3 Qd7 18. Bd2 $14) 15... a5 {Obviously, Black's queenside
counterplay is based on some space advantage.} 16. Bb3 $1 {Correctly
exchanging the bishops. Otherwise Black could make the light-squared bishop
''dead'' by means of a5-a4.} (16. a4 $6 b4 17. cxb4 axb4 18. Nd2 Na5 $15) 16...
a4 ({After} 16... Bxb3 17. axb3 Nd7 18. Nf5 Qf6 19. cxd4 (19. Qc2 Nc5 20. Bd2
dxc3 21. bxc3 Qe6 $132) 19... Bxd4 20. N3xd4 Nxd4 21. Nxd4 exd4 22. Bd2 b4 23.
Rdc1 c5 24. f4 {White's position is preferable from a human point of view,
since his kingside play looks more realistic than Black's counterplay on the
queenside.}) 17. Bxe6 Rxe6 (17... fxe6 {would restrict the Ng3, but I prefer
White after} 18. Bd2 Qd6 19. Rac1 $14 {due to a better pawn structure.}) 18.
Nf5 {The appearance of White's knight on f5 is always a cause of worries for a
second player!} a3 {Jakovenko is looking for active counterplay on the
opposite side.} 19. Qc2 {A slight inaccuracy.} (19. Rb1 $1 {was stronger:} axb2
20. Bxb2 dxc3 21. Bxc3 Rb8 22. Rb3 $14 {with definite pressure.}) 19... axb2
20. Bxb2 dxc3 21. Bxc3 Qe8 {Returning the favour.} ({It was the right moment
for seizing more space on the queenside and fighting for control over the
d4-square:} 21... b4 22. Bb2 Qf8 23. Rdc1 Bb6 $11) 22. Qb2 Rb8 23. Rac1 Kh7 (
23... b4 24. Bd2 Nd7 25. Be3 Bxe3 26. fxe3 $14) 24. a3 $14 {Now Black is
doomed to a passive defence, though the position remains very solid.} g6 {
Dmitry manages to push the knight away, but his king is not completely safe
anyway.} 25. Ne3 Bxe3 {Giving up the dark-squared bishop looks like the best
decision from a practical point of view.} ({Allowing the knight's move to the
centre isn't a good idea:} 25... Nd7 26. Nd5 Rb7 27. Qa2 $36) 26. fxe3 Nd7 $6 {
Black is playing too passively. Their last move helps White to develop the
initiative by means of d3-d4.} (26... Qe7 $142 27. Be1 Rb6 $14) 27. Be1 $1 {
Correctly freeing a way for the rook along the c-file.} Rb6 28. Bg3 b4 {
Dmitry is desperately trying to activate his pieces.} (28... Re7 29. Rf1 f6 30.
d4 $16) 29. a4 (29. d4 $5 exd4 30. exd4 Rxe4 31. Bxc7 Ra6 32. axb4 Re2 33. Qb3
Nxb4 34. Re1 $36) 29... Ra6 30. Qb3 {Black's practical task is tough, as there
is no way to stop d3-d4.} ({The immediate} 30. d4 $5 exd4 31. exd4 Rxe4 32. Qb3
$1 Re3 33. Qc4 $16 {might be even stronger, but Daniel's move doesn't spoil
anything.}) 30... Rb6 (30... Nb6 31. d4 Rxa4 32. d5 Na5 33. Qb2 $36) (30... Nf6
31. d4 exd4 32. exd4 Nxe4 33. d5 Re7 34. Bh4 $36) 31. d4 exd4 $2 {Opening up
the position is a decisive mistake.} ({The patient} 31... Re7 32. Rf1 f6 $16 {
looks awkward, but it was the lesser evil.}) 32. exd4 Na5 (32... Rxe4 {brings
no hope:} 33. Bxc7 Re3 (33... Ra6 34. Qd3 Rxa4 35. Rxc6 $18) 34. Rd3 Rxd3 35.
Qxd3 Ra6 36. Qxa6 Qe3+ 37. Kh2 Qxc1 38. Qb7 $18) 33. Qd5 (33. Qd3 $1 {was a
bit cleaner:} c5 34. dxc5 Rb7 35. Nd4 Ne5 36. Bxe5 Rxe5 37. Qa6 $18) 33... c5
34. dxc5 Nf6 {Dmitry has managed to activate his knights, but the position is
still terrible.} 35. Qd8 {Naroditsky prefers to simiplify matters.} (35. Qd3
Rb7 36. Nd4 Rxe4 37. c6 $18) 35... Ra6 36. Qxe8 Rxe8 ({Or} 36... Nxe8 37. Nd4
Rxe4 38. c6 {and the c-passer decides the game.}) 37. Rd6 Rc6 ({The more
stubborn} 37... Rea8 {didn't change much:} 38. Nd2 Ne8 39. Rb6 Nc6 40. Nc4 $18
{with domination.}) 38. Ne5 $18 {Destroying Black's blockading setup.} Rxd6 39.
cxd6 Nxe4 (39... b3 40. d7 Rd8 41. Be1 $1 $18) 40. d7 Rd8 41. Be1 $1 {The most
convincing.} f6 42. Rc8 Nb7 43. Rxd8 Nxd8 44. Bxb4 ({There was also nothing
wrong with} 44. Nd3 b3 45. Bf2 Nc6 46. a5 $18) 44... fxe5 45. a5 Nf6 46. a6
Nxd7 47. a7 Nb6 48. Ba5 Na8 49. Bxd8 {The resulting endgame is completely
hopeless, since White is practically a piece up.The next few moves were just
an agony.} Kg7 50. Kf2 Kf7 51. Ke3 {An excellent game by the young American
grandmaster!} 1-0